Wetherspoons prices - Statistics

General Stats
  • This quiz has been taken 3 times
  • The average score is 6 of 16
Answer Stats
Hint Answer % Correct
Kopperberg strawb+lime 2.89
100%
Cocktail pitcher deal 16.00
50%
AU single vodka 2.15
50%
Pinot Grigio medium 2.85
50%
Corkys 2.85
50%
Skittlebomb 3.75
50%
Smirnoff single vodka 4.24
50%
Buzzball 5.00
50%
Smirnoff double vodka 5.74
50%
Single cocktail pitcher 9.00
50%
Smirnoff ice 2.90
0%
Strongbow Dark Fruits 2.94
0%
Tequila Rose 2.95
0%
Bulmers Crushed Red Berries 3.70
0%
Gordons gin single 4.29
0%
Baby Guiness 4.45
0%
No matching quizzes found
Score Distribution
Percent of People with Each Score
Percentile by Number Answered
Your Score History
You have not taken this quiz